01501 a2200193 45000010006000000050017000060080041000230030015000640400040000790800066001192450089001850200018002742500011002922640038003033000031003415050797003721000039011698560099012084695020260407155739.0260407a1997 arg spa dAR-UNSa-BCEJYS aAR-UNSa-BCEJYSbspacAR-UNSa-BCEJYS a519.21xTeoría de probabilidades y procesos estocásticos 10aEstadística modelos y métodospFundamentos- Modelos lineales y series temporales a84-206-8993-1 a2a.ed. 1aMadrid :bAlianza Editorialc1997 a2 v. (571 ; 745p.)c23 cm. aVol. I: 1. Introducción - Parte I: Fundamentos: 2. La descripción de datos - 3. Modelos de distribución de probabilidad - 4. Estimación del modelo - 5. Hipótesis y decisiones - 6. Diagnosis y crítica del modelo -- Parte II: Control de calidad: 7. Control de calidad -- Vol. II: Parte III: Modelos de diseño experimental: 8. El análisis de la varianza - 9. Modelos clásicos de diseño experimental - 10. Diseños factoriales a dos niveles -- Parte IV: Modelos de regresión: 11. El modelo de regresión simple - 12. El modelo general de regresión - 13. Diagnosis y validación del modelo de regresión múltiple - 14. Extensiones del modelo de regresión -- Parte V: Series temporales: 15. Análisis univariante de series temporales - 16. Regresión dinámica. 1 aPeña Sánchez de Rivera, Daniel41uhttps://www.biblioeco.unsa.edu.ar/pmb/images/libros/L127352.jpgyImagen de portadaqimage/jpeg